Pets - Statistics

General Stats
  • This quiz has been taken 29 times
  • The average score is 14 of 20
Answer Stats
Picture Answer % Correct
Cat
100%
Dog
100%
Parrot
96%
Rabbit
96%
Hamster
85%
Dove
81%
Goldfish
81%
Guinea Pig
81%
Rat
81%
Horse
78%
Chameleon
70%
Ferret
70%
Mouse
70%
Tortoise
70%
Duck
59%
Iguana
59%
Gecko
41%
Betta
33%
Canary
22%
Budgerigar
7%
No matching quizzes found
Score Distribution
Percent of People with Each Score
Percentile by Number Answered
Your Score History
You have not taken this quiz